| 000 | 00809nam a22002535a 4500 | ||
|---|---|---|---|
| 005 | 20171205132720.0 | ||
| 008 | 171205t1998 ua frb 000 0 eng d | ||
| 020 | _a9770904872 | ||
| 040 |
_aEG-ScBUE _beng _cEG-ScBUE |
||
| 041 | 1 |
_aeng _hara |
|
| 082 | 0 | 4 |
_a320.557 _bFEK _222 |
| 100 | 1 | _aFekiy, Moustafa. | |
| 245 | 1 | 0 |
_aIslam in a changing world / _cMostafa El Feky ; translated by Mokhtar El Gammal. |
| 260 |
_aCairo : _bDar El Shorouk, _c[1998] |
||
| 300 |
_a143 p. ; _c20 cm. |
||
| 500 | _aIncludes bibliographical references. | ||
| 541 | _aDonations from Dr. Mostafa Gouda. | ||
| 546 | _aText in English ; translated from original Arabic. | ||
| 650 | 7 |
_aIslam and politics. _2BUEsh |
|
| 651 | _2BUEsh | ||
| 653 |
_bBUSBOL _cDecember2017 |
||
| 700 | 1 |
_aGammal, Mokhtar, _etranslator. |
|
| 942 | _2ddc | ||
| 999 |
_c3047 _d3047 |
||